| 000 | 01260cem a2200373 i 4500 | ||
|---|---|---|---|
| 001 | 5556274 | ||
| 003 | EG-ScBUE | ||
| 005 | 20230730124700.0 | ||
| 007 | ad canzn | ||
| 008 | 970603s1996 enkab f b 1 eng d | ||
| 020 | _a9780140513318 | ||
| 040 |
_aAZS _beng _erda _cAZS _dDLC _dEG-ScBUE |
||
| 043 | _af-ua--- | ||
| 082 | 0 | 4 |
_a911.32 _222 _bMAN |
| 100 | 1 |
_aManley, Bill, _eauthor. _930788 |
|
| 245 | 1 | 4 |
_aThe Penguin historical Atlas of ancient Egypt / _cBill Manley. |
| 246 | 3 | 0 | _aHistorical atlas of ancient Egypt |
| 246 | 3 | 0 | _aAncient Egypt |
| 255 | _aScales differ. | ||
| 264 | 1 |
_aLondon, England ; _aNew York, NY : _bPenguin, _c1996. |
|
| 300 |
_a1 atlas (144 pages) : _bcolor illustrations, color maps ; _c25 cm |
||
| 336 |
_2rdacontent _atext _btxt |
||
| 337 |
_2rdamedia _aunmediated _bn |
||
| 338 |
_2rdacarrier _avolume _bnc |
||
| 500 | _a"Design and maps copyright Swanston Publishing Limited"--T.p. verso. | ||
| 504 | _aIncludes bibliographical references and index. | ||
| 651 | 7 |
_aEgypt _xHistorical geography _vMaps. _2BUEsh _930789 |
|
| 651 | 7 |
_aEgypt _xHistory _yTo 332 B.C. _2BUEsh _930790 |
|
| 653 | _cAugust2012 | ||
| 655 | _vReading book | ||
| 942 |
_2ddc _cBB |
||
| 999 |
_c16920 _d16920 |
||